• 首页
  • 本馆介绍
  • 公告通知
  • 最新文献
  • 馆藏检索
  • 电子资源
  • 读者导购
  • 参考咨询
  • 我的图书馆
  • 登录
  • 详细信息显示
  • 放入我的书架
  • 预约/预借图书
  • 作者相关作品
  • 分类相关作品
  • 丛书相关作品
  • 出版社相关作品

书目信息

  • 表格格式
  • 工作单格式
  • 卡片格式
题名:
科学家在社会中的角色
    
 
作者: 本一戴维(Ben-David,J.) , 赵佳苓 著
分册:  
出版信息: 成都   四川人民出版社  1988.5
页数: 359页
开本: 19cm
丛书名: 《走向未来》丛书
单 册:
中图分类: G30
科图分类:
主题词: 科学社会学
电子资源:
ISBN: 7-220-00337-4
000 01014cam2 2200289 450
001 0100245103
005 20070618161544.0
010    @a7-220-00337-4@dCNY2.30
011    @a7-220-00337-4
100    @a19910417d1988 km y0chiy0110 ea
101 1  @achi@ceng
102    @aCN@b510000
105    @ay z 000yy
106    @ar
200 1  @a科学家在社会中的角色@9Ke Xue Jia;Jie Zai She Hui;Kuai Zhong De;Di Jiao;Jue Se;Shai @f(以色列)本一戴维(Ben-David,J.)著@g赵佳苓译@b专著
210    @a成都@c四川人民出版社@d1988.5
215    @a359页@d19cm
225 2  @a《走向未来》丛书@f金观涛主编
300    @a书名原文:The scientist's role in society a comparative study
330    @a本书中心议题是:科学活动是怎样增长并且怎样采取了它现在的结构的?
410  0 @12001 @a《走向未来》丛书
606 0  @a科学社会学
690    @aG30@v1980
701  0 @a本一戴维(Ben-David,J.)@9ben yi dai wei (Ben-David,J.)@4著
701  0 @a赵佳苓@9zhao jia ling@4译
801  0 @aCN@bAiZhiMarc@c19910417
905    @aBZT@dG30@e12@f10@sG30/12
    
    科学家在社会中的角色/(以色列)本一戴维(Ben-David,J.)著/赵佳苓译.-成都:四川人民出版社,1988.5
    359页;19cm.-(《走向未来》丛书/金观涛主编)
    书名原文:The scientist's role in society a comparative study
    
    ISBN 7-220-00337-4:CNY2.30
    本书中心议题是:科学活动是怎样增长并且怎样采取了它现在的结构的?
●
相关链接 在五车中查询图书 在当当中查询图书 在豆瓣中查询图书


正题名:科学家在社会中的角色     索取号:G30/12         预约/预借

序号 登录号 条形码 馆藏地/架位号 状态 备注
1 2000099029   2000099029   旧书回溯/ [索取号:G30/12] 在馆    
2 2000099030   2000099030   旧书回溯/ [索取号:G30/12] 在馆    
3 2000099031   2000099031   旧书回溯/ [索取号:G30/12] 在馆    
4 2000099032   2000099032   旧书回溯/ [索取号:G30/12] 在馆    
5 2000099033   2000099033   旧书回溯/ [索取号:G30/12] 在馆    
6 2000099034   2000099034   旧书回溯/ [索取号:G30/12] 在馆    
7 2000099064   2000099064   旧书回溯/ [索取号:G30/12] 在馆    
8 2000099065   2000099065   旧书回溯/ [索取号:G30/12] 在馆    
9 2000099066   2000099066   旧书回溯/ [索取号:G30/12] 在馆    
10 2000099067   2000099067   旧书回溯/ [索取号:G30/12] 在馆    
山东省滨州职业学院图书馆 欢迎您!
大连网信软件有限公司© 版权所有